000 01074nam a22002657a 4500
001 BD-DhSAU 9205
003 BD-DhSAU
005 20181208110808.0
008 150619b2010 bg a||||r|||| 000 0 eng d
040 _aBD-DhSAU
082 _222
_a630
_bAh52
100 _aAhmed, K. M. Shahabuddin
_eRegistration no. # 04-01332
245 _aEffect of urea super granule application on growth, yield attributes and yield of T.aman rice /
_bMS Thesis
_cby K. M. Shahabuddin Ahmed
260 _aSher-e- Bangla Agricultural University :
_bDepartment of Agronomy,
_c2010.
300 _aviii, 77 p. :
_bill. ;
_c30 cm.
500 _aMS thesis of Department of Agronomy, Faculty of Agriculture, Sher-e-Bangla Agricultural University, Dhaka, Bangladesh
590 _ajoy
650 _aAgronomy
650 _aT.aman rice
650 _aUrea super granule application
700 _aUllah, Md. Jafar
_eSupervisor
700 _aSardar, Md. Sadrul Anam
_eCo-Supervisor
856 _uhttp://archive.saulibrary.edu.bd:8080/xmlui/handle/123456789/908
942 _2ddc
_cTHESIS
999 _c9205
_d9205